| 000 | 00542nam a2200193Ia 4500 | ||
|---|---|---|---|
| 003 | GCL | ||
| 008 | 140319s9999 xx 000 0 ara d | ||
| 040 |
_aGCL / _cGCL |
||
| 082 | 0 | 4 |
_a745.61 _bخ ت |
| 100 | 1 | _aخليل الزهاوى | |
| 245 | 1 | 0 |
_aتشكيلات الخط العربى / _cخليل الزهاوى |
| 260 |
_a[S.N] : _bلا يوجد ، _c1986 |
||
| 300 | _a150 ص | ||
| 490 | _a | ||
| 650 | 0 | 4 | _aاللغة العربية |
| 650 | 0 | 4 | _aالخط العربى |
| 650 | 0 | 4 | _aالنقوش العربية |
| 942 |
_2ddc _cBK |
||
| 999 |
_c36844 _d36844 |
||